000 00363nam a2200121Ia 4500
008 240731s9999 xx 000 0 und d
022 _a2158-9100
245 0 _aCanadian Journal of Development Studies / Revue canadienne d'études du développement
260 _bRoutledge
856 _uhttps://www.tandfonline.com/loi/rcjd20
942 _2ddc
942 _cTFEJ
999 _c75749
_d75749
945 _a1
_bMadushi Gamage
_c1
_dMadushi Gamage